[Event "Kitchener Winter op"]
[Site "Kitchener CAN"]
[Date "2011.03.12"]
[Round "2"]
[White "Raheb, David"]
[Black "Dougherty, Michael"]
[Result "1/2-1/2"]
[WhiteElo "2244"]
[BlackElo "2204"]
[PlyCount "116"]
[GameId "2160767909787433"]
[EventDate "2011.03.12"]
[EventType "swiss"]
[EventRounds "5"]
[EventCountry "CAN"]
[SourceTitle "EXT 2022"]
[Source "ChessBase"]
[SourceDate "2021.10.06"]
[SourceVersion "1"]
[SourceVersionDate "2021.10.06"]
[SourceQuality "1"]

1. d4 g6 2. g3 Bg7 3. Bg2 c5 4. Nf3 cxd4 5. Nxd4 Nf6 6. e4 d6 7. O-O O-O 8. Nc3 Bg4 9. f3 Bd7 10. Be3 Nc6 11. Nce2 Rc8 12. c3 Ne5 13. b3 d5 14. h3 dxe4 15. fxe4 Qc7 16. Rc1 Rcd8 17. Qc2 Qc8 18. Bf4 Nh5 19. Kh2 h6 20. Nf3 Nxf3+ 21. Rxf3 f5 22. Be3 e5 23. Bxa7 Nf6 24. Bb6 Rde8 25. exf5 gxf5 26. c4 Bc6 27. Rf2 Be4 28. Bxe4 Nxe4 29. Rg2 Ng5 30. Ng1 Re6 31. Ba5 Qe8 32. Bb4 Rff6 33. Rf1 e4 34. Bc3 Rf8 35. Bxg7 Kxg7 36. h4 Nh7 37. Nh3 Nf6 38. Nf4 Rd6 39. Qc3 Kh7 40. c5 Rd7 41. b4 Ng4+ 42. Kg1 Qe5 43. Qxe5 Nxe5 44. Rc2 Ra8 45. b5 Ra3 46. Ne2 Kg6 47. c6 bxc6 48. bxc6 Rc7 49. Nf4+ Kf7 50. Nd5 Rxc6 51. Rxf5+ Kg7 52. Rxc6 Nxc6 53. Rf2 Ne5 54. Kg2 Ra5 55. Nf4 Kf6 56. Re2 Kf5 57. Rb2 Nc4 58. Re2 Ke5 1/2-1/2

[Event "Kitchener Winter op"]
[Site "Kitchener CAN"]
[Date "2011.03.12"]
[Round "3"]
[White "Becker, Paul"]
[Black "Raheb, David"]
[Result "0-1"]
[WhiteElo "2003"]
[BlackElo "2244"]
[PlyCount "64"]
[GameId "2160767909787434"]
[EventDate "2011.03.12"]
[EventType "swiss"]
[EventRounds "5"]
[EventCountry "CAN"]
[SourceTitle "EXT 2022"]
[Source "ChessBase"]
[SourceDate "2021.10.06"]
[SourceVersion "1"]
[SourceVersionDate "2021.10.06"]
[SourceQuality "1"]

1. e4 c5 2. Nf3 d6 3. d4 cxd4 4. Nxd4 Nf6 5. Nc3 a6 6. Be2 e5 7. Nb3 Be7 8. Be3 Be6 9. g4 d5 10. exd5 Nxd5 11. Nxd5 Bxd5 12. Bf3 Bxf3 13. Qxf3 Nc6 14. c3 O-O 15. O-O Qc7 16. Kh1 Nd8 17. Rad1 Ne6 18. Rd2 Rad8 19. Rfd1 h6 20. Rxd8 Rxd8 21. Rxd8+ Qxd8 22. Kg2 b5 23. Qc6 Bg5 24. Qf3 Bxe3 25. fxe3 a5 26. Qc6 a4 27. Nc5 Qd2+ 28. Kf1 Qc1+ 29. Kf2 Qxb2+ 30. Kf1 Qb1+ 31. Kf2 Qxa2+ 32. Kf1 Qc4+ 0-1

[Event "Kitchener Winter op"]
[Site "Kitchener CAN"]
[Date "2011.03.12"]
[Round "3"]
[White "Dougherty, Michael"]
[Black "Itkin, David"]
[Result "1/2-1/2"]
[WhiteElo "2204"]
[BlackElo "1928"]
[PlyCount "68"]
[GameId "2160767909787436"]
[EventDate "2011.03.12"]
[EventType "swiss"]
[EventRounds "5"]
[EventCountry "CAN"]
[SourceTitle "EXT 2022"]
[Source "ChessBase"]
[SourceDate "2021.10.06"]
[SourceVersion "1"]
[SourceVersionDate "2021.10.06"]
[SourceQuality "1"]

1. Nf3 Nf6 2. c4 g6 3. Nc3 Bg7 4. e4 d6 5. d4 O-O 6. Be2 e5 7. d5 Nbd7 8. Bg5 a5 9. Nd2 Nc5 10. O-O h6 11. Bh4 g5 12. Bg3 Ne8 13. Bg4 f5 14. Bxf5 Bxf5 15. exf5 Rxf5 16. Nde4 Nxe4 17. Nxe4 Nf6 18. Qd3 Nxe4 19. Qxe4 Qf6 20. f3 h5 21. h3 Bh6 22. Rfe1 Kh8 23. c5 Qf7 24. Rad1 Rg8 25. cxd6 cxd6 26. Rd3 g4 27. hxg4 hxg4 28. fxg4 Rfg5 29. Qf3 Qg6 30. Re4 Rxg4 31. Rxg4 Qxg4 32. Qf6+ Kh7 33. Qxd6 e4 34. Rb3 Qd1+ 1/2-1/2

[Event "Kitchener Winter op"]
[Site "Kitchener CAN"]
[Date "2011.03.12"]
[Round "3"]
[White "Ng, Gary"]
[Black "Grigorescu, Laurentiu"]
[Result "1/2-1/2"]
[WhiteElo "2109"]
[BlackElo "2080"]
[PlyCount "149"]
[GameId "2160767909787438"]
[EventDate "2011.03.12"]
[EventType "swiss"]
[EventRounds "5"]
[EventCountry "CAN"]
[SourceTitle "EXT 2022"]
[Source "ChessBase"]
[SourceDate "2021.10.06"]
[SourceVersion "1"]
[SourceVersionDate "2021.10.06"]
[SourceQuality "1"]

1. b4 e5 2. Bb2 d6 3. c4 Be7 4. e3 Bf6 5. Nc3 c6 6. Qc2 Bg4 7. Be2 Qd7 8. h3 Bxe2 9. Ngxe2 Qe6 10. Ne4 Be7 11. O-O Na6 12. a3 d5 13. cxd5 cxd5 14. N4c3 Nc7 15. d4 f6 16. Rfd1 Bd6 17. Qa4+ Kf7 18. e4 Ne7 19. exd5 Nexd5 20. Nxd5 Nxd5 21. dxe5 Nb6 22. Qc2 Bxe5 23. Bxe5 Qxe5 24. Qb3+ Qe6 25. Qf3 Rhe8 26. Nd4 Qd5 27. Qd3 Qe4 28. Qb3+ Qd5 29. Qb1 Qe4 30. Qa2+ Qd5 31. Nb5 Qxa2 32. Rxa2 Re7 33. Rc2 a6 34. Nd6+ Kg6 35. Rd3 h6 36. Rcd2 Rd8 37. Rg3+ Kh7 38. Nc4 Rxd2 39. Nxd2 Re1+ 40. Kh2 Re2 41. Nb3 Nc4 42. Rf3 Kg6 43. Kg3 Kf7 44. Rd3 Ke7 45. Nd4 Re5 46. Nf3 Re6 47. Nh4 Nb6 48. Nf5+ Kf7 49. Nd6+ Kg6 50. Nxb7 Nc4 51. Nc5 Rc6 52. f4 a5 53. Ne4 axb4 54. axb4 Rb6 55. Rb3 Re6 56. Nc5 Rc6 57. Nd3 Kf5 58. Rc3 Rd6 59. Nf2 Rd4 60. b5 g5 61. fxg5 fxg5 62. Ng4 Nd6 63. Ne3+ Ke6 64. Rc6 Kd7 65. Rb6 h5 66. Kf3 Rb4 67. Rb8 Rxb5 68. Rh8 Rb3 69. Kf2 h4 70. Rg8 Ke7 71. Rg6 Ne4+ 72. Kf3 Kf7 73. Rc6 Nd2+ 74. Ke2 Ne4 75. Kf3 1/2-1/2

[Event "Kitchener Winter op"]
[Site "Kitchener CAN"]
[Date "2011.03.12"]
[Round "3"]
[White "Semianiuk, Konstantin"]
[Black "Demmery, Steve"]
[Result "1/2-1/2"]
[WhiteElo "2064"]
[BlackElo "2104"]
[PlyCount "29"]
[GameId "2160767909787440"]
[EventDate "2011.03.12"]
[EventType "swiss"]
[EventRounds "5"]
[EventCountry "CAN"]
[SourceTitle "EXT 2022"]
[Source "ChessBase"]
[SourceDate "2021.10.06"]
[SourceVersion "1"]
[SourceVersionDate "2021.10.06"]
[SourceQuality "1"]

1. d4 d5 2. Nf3 Bf5 3. e3 e6 4. Bd3 Bg6 5. O-O Bd6 6. Qe2 f5 7. c4 c6 8. Nc3 Nd7 9. b3 Nh6 10. Qc2 O-O 11. Bb2 Bh5 12. Be2 Qb8 13. h3 Qd8 14. Ne5 Bxe2 15. Nxe2 1/2-1/2

[Event "Kitchener Winter op"]
[Site "Kitchener CAN"]
[Date "2011.03.13"]
[Round "4"]
[White "Drkulec, Vladimir"]
[Black "Becker, Paul"]
[Result "0-1"]
[WhiteElo "2023"]
[BlackElo "2003"]
[PlyCount "110"]
[GameId "2160767909787441"]
[EventDate "2011.03.12"]
[EventType "swiss"]
[EventRounds "5"]
[EventCountry "CAN"]
[SourceTitle "EXT 2022"]
[Source "ChessBase"]
[SourceDate "2021.10.06"]
[SourceVersion "1"]
[SourceVersionDate "2021.10.06"]
[SourceQuality "1"]

1. d4 d5 2. c4 c6 3. e3 Nf6 4. Nf3 a6 5. Nc3 e6 6. Bd2 Nbd7 7. Qc2 Bd6 8. Be2 Qe7 9. O-O O-O 10. Rfe1 dxc4 11. Bxc4 b5 12. Bd3 Bb7 13. e4 e5 14. Rad1 Rac8 15. Bg5 h6 16. Bh4 Rfe8 17. Bf1 b4 18. Na4 c5 19. d5 g5 20. Bg3 Nh5 21. b3 Nf4 22. Nd2 Kh7 23. Nc4 h5 24. f3 Rg8 25. Ne3 Rg6 26. Nf5 Qf6 27. h3 Rcg8 28. Rd2 Rc8 29. Bf2 Rgg8 30. Be3 h4 31. Rc1 Rc7 32. Qd1 Rgc8 33. Bc4 Kg6 34. Qf1 Ra8 35. Qf2 Rac8 36. Rdc2 Bf8 37. Rd1 Bd6 38. Kh2 Rh8 39. Bf1 Rhc8 40. Nxd6 Qxd6 41. Rdc1 Nh5 42. Nxc5 Nxc5 43. Bxc5 Qf6 44. Be3 Rc3 45. Rxc3 bxc3 46. Bc4 Ng3 47. Qc2 Qd6 48. Qxc3 Ne2 49. Bxe2 Rxc3 50. Rxc3 Qb4 51. Rc2 Qe1 52. Bg1 Kf6 53. Bxa6 Bxa6 54. Rc6+ Kg7 55. Rxa6 g4 0-1

[Event "Kitchener Winter op"]
[Site "Kitchener CAN"]
[Date "2011.03.13"]
[Round "4"]
[White "Grigorescu, Laurentiu"]
[Black "Olheiser, Gordon"]
[Result "0-1"]
[WhiteElo "2080"]
[BlackElo "1916"]
[PlyCount "168"]
[GameId "2160767909787442"]
[EventDate "2011.03.12"]
[EventType "swiss"]
[EventRounds "5"]
[EventCountry "CAN"]
[SourceTitle "EXT 2022"]
[Source "ChessBase"]
[SourceDate "2021.10.06"]
[SourceVersion "1"]
[SourceVersionDate "2021.10.06"]
[SourceQuality "1"]

1. d4 e6 2. c4 f5 3. g3 Nf6 4. Bg2 d5 5. Nf3 c6 6. O-O Bd6 7. c5 Bc7 8. Bf4 Bxf4 9. gxf4 O-O 10. Nbd2 Nbd7 11. Ne5 Ng4 12. h3 Ndxe5 13. dxe5 Nh6 14. Nf3 Nf7 15. Qd2 Nh8 16. Kh2 Bd7 17. Rg1 Be8 18. Bh1 Bh5 19. Rg3 Bxf3 20. Bxf3 Rf7 21. Qd4 g6 22. Rd1 Rg7 23. Rdg1 Qh4 24. Kg2 Nf7 25. Kf1 Kh8 26. e3 Rag8 27. Qb4 Nxe5 28. Qd4 Nd7 29. Rg5 Nf8 30. Ke2 h6 31. R5g3 Qe7 32. h4 h5 33. Rg5 Nd7 34. Rxg6 Kh7 35. Rxg7+ Rxg7 36. Rxg7+ Qxg7 37. Qxg7+ Kxg7 38. Bxh5 Nxc5 39. Kd2 Nd7 40. Ke1 Nf6 41. Bd1 Kh6 42. Kf1 c5 43. Kg2 b5 44. Be2 c4 45. a3 a5 46. f3 Nd7 47. Bd1 Nc5 48. Bc2 b4 49. axb4 axb4 50. Kf2 b3 51. Bb1 Na4 52. Ke2 Nxb2 53. Kd2 Na4 54. Kc1 Kh5 55. e4 dxe4 56. fxe4 fxe4 57. Bxe4 Nc5 58. Bh7 Nd3+ 59. Kb1 Nxf4 60. Kb2 Nd5 61. Bg8 Nc7 62. Bh7 Kh6 63. Be4 Nd5 64. Bf3 Nb6 65. Bc6 Kh5 66. Be8+ Kxh4 67. Bf7 e5 68. Bg6 Kg4 69. Bh7 Kf4 70. Bg6 e4 71. Bf7 e3 72. Bh5 Na4+ 73. Ka3 b2 74. Ka2 e2 75. Bxe2 Nc3+ 76. Kxb2 Nxe2 77. Kc2 Ke3 78. Kb1 Kd2 79. Kb2 c3+ 80. Kb1 c2+ 81. Ka2 c1=Q 82. Kb3 Qc3+ 83. Ka4 Qb2 84. Ka5 Kc3 0-1

[Event "Kitchener Winter op"]
[Site "Kitchener CAN"]
[Date "2011.03.13"]
[Round "4"]
[White "Lacau Rodean, Iulia"]
[Black "Ng, Gary"]
[Result "0-1"]
[WhiteElo "2068"]
[BlackElo "2109"]
[PlyCount "66"]
[GameId "2160767909787445"]
[EventDate "2011.03.12"]
[EventType "swiss"]
[EventRounds "5"]
[EventCountry "CAN"]
[SourceTitle "EXT 2022"]
[Source "ChessBase"]
[SourceDate "2021.10.06"]
[SourceVersion "1"]
[SourceVersionDate "2021.10.06"]
[SourceQuality "1"]

1. e4 b6 2. d4 Bb7 3. f3 e6 4. Nc3 Nf6 5. Be3 Be7 6. Bd3 O-O 7. Nge2 d5 8. exd5 exd5 9. Qd2 c5 10. g4 Nc6 11. O-O-O c4 12. Bf5 Ne8 13. g5 Nc7 14. h4 b5 15. h5 b4 16. Na4 c3 17. bxc3 bxc3 18. Nexc3 Bc8 19. Bxh7+ Kxh7 20. g6+ Kg8 21. h6 fxg6 22. hxg7 Kxg7 23. Bh6+ Kg8 24. Bxf8 Qxf8 25. Rh6 Bf5 26. Rdh1 Bf6 27. Rh7 Rc8 28. Qh2 Qa3+ 29. Kd1 Ne8 30. Rb7 g5 31. Nxd5 Qxf3+ 32. Kc1 Qxd5 33. Nc5 Nxd4 0-1

[Event "Kitchener Winter op"]
[Site "Kitchener CAN"]
[Date "2011.03.13"]
[Round "4"]
[White "Wang, Jesse"]
[Black "Dougherty, Michael"]
[Result "0-1"]
[WhiteElo "2000"]
[BlackElo "2204"]
[PlyCount "94"]
[GameId "2160767909787449"]
[EventDate "2011.03.12"]
[EventType "swiss"]
[EventRounds "5"]
[EventCountry "CAN"]
[SourceTitle "EXT 2022"]
[Source "ChessBase"]
[SourceDate "2021.10.06"]
[SourceVersion "1"]
[SourceVersionDate "2021.10.06"]
[SourceQuality "1"]

1. e4 c5 2. Nc3 e6 3. f4 a6 4. Nf3 d5 5. d3 Nc6 6. Be2 d4 7. Nb1 b5 8. O-O Bb7 9. Nbd2 Be7 10. Qe1 Nf6 11. Ne5 g6 12. Ndf3 Nd7 13. Qg3 f5 14. exf5 exf5 15. h4 Ndxe5 16. fxe5 Qd5 17. Bf4 O-O-O 18. Ng5 Bxg5 19. Bxg5 Rde8 20. Bf6 Rhf8 21. Bf3 Qe6 22. Rfe1 Nb4 23. Bxb7+ Kxb7 24. Qf3+ Kb6 25. Qf2 Nd5 26. Bg5 f4 27. Re4 Rf5 28. Rae1 Ref8 29. c3 dxc3 30. b4 Rc8 31. a4 Kb7 32. bxc5 b4 33. Qd4 f3 34. Rb1 f2+ 35. Kf1 a5 36. Qc4 Nc7 37. Qxc3 Kc6 38. Qd4 Qd5 39. Qxd5+ Nxd5 40. Rb2 Nc3 41. Rf4 Rxe5 42. Bf6 Rxc5 43. Bxc3 Rxc3 44. Kxf2 Rd8 45. Rf7 b3 46. Ke2 Rdxd3 47. h5 Re3+ 0-1

[Event "Kitchener Winter op"]
[Site "Kitchener CAN"]
[Date "2011.03.13"]
[Round "5"]
[White "Grigorescu, Laurentiu"]
[Black "Drkulec, Vladimir"]
[Result "1/2-1/2"]
[WhiteElo "2080"]
[BlackElo "2023"]
[PlyCount "35"]
[GameId "2160767909787453"]
[EventDate "2011.03.12"]
[EventType "swiss"]
[EventRounds "5"]
[EventCountry "CAN"]
[SourceTitle "EXT 2022"]
[Source "ChessBase"]
[SourceDate "2021.10.06"]
[SourceVersion "1"]
[SourceVersionDate "2021.10.06"]
[SourceQuality "1"]

1. d4 Nf6 2. c4 g6 3. Nc3 d5 4. Nf3 Bg7 5. Bg5 Ne4 6. Bf4 Nxc3 7. bxc3 c5 8. cxd5 Qxd5 9. e3 cxd4 10. cxd4 Qa5+ 11. Qd2 Qxd2+ 12. Kxd2 Nc6 13. Bb5 Bd7 14. Rac1 e6 15. Rc2 a6 16. Ba4 O-O 17. Bxc6 Bxc6 18. Rhc1 1/2-1/2

[Event "Kitchener Winter op"]
[Site "Kitchener CAN"]
[Date "2011.03.13"]
[Round "5"]
[White "Itkin, David"]
[Black "Semianiuk, Konstantin"]
[Result "1/2-1/2"]
[WhiteElo "1928"]
[BlackElo "2064"]
[PlyCount "61"]
[GameId "2160767909787454"]
[EventDate "2011.03.12"]
[EventType "swiss"]
[EventRounds "5"]
[EventCountry "CAN"]
[SourceTitle "EXT 2022"]
[Source "ChessBase"]
[SourceDate "2021.10.06"]
[SourceVersion "1"]
[SourceVersionDate "2021.10.06"]
[SourceQuality "1"]

1. e4 c5 2. Nf3 Nc6 3. Nc3 e5 4. Bc4 Be7 5. d3 Nf6 6. Nd2 d6 7. Nf1 Bg4 8. f3 Be6 9. Ne3 Nh5 10. Ned5 O-O 11. O-O Nd4 12. g3 Nf6 13. Kh1 Kh8 14. Rg1 Nxd5 15. Bxd5 Qd7 16. a4 f5 17. Bxe6 Qxe6 18. Nd5 fxe4 19. fxe4 Rae8 20. c3 Nf3 21. Rf1 Ng5 22. Be3 Rxf1+ 23. Qxf1 Rf8 24. Qe2 Nf7 25. Rf1 Nd8 26. Nxe7 Qxe7 27. Bg5 Qe8 28. Rxf8+ Qxf8 29. Bxd8 Qxd8 30. Qg4 Qe8 31. Qf5 1/2-1/2

[Event "Kitchener Winter op"]
[Site "Kitchener CAN"]
[Date "2011.03.13"]
[Round "5"]
[White "Jung, Hans"]
[Black "Guo, Josh"]
[Result "1-0"]
[WhiteElo "2118"]
[BlackElo "2088"]
[PlyCount "53"]
[GameId "2160767909787455"]
[EventDate "2011.03.12"]
[EventType "swiss"]
[EventRounds "5"]
[EventCountry "CAN"]
[SourceTitle "EXT 2022"]
[Source "ChessBase"]
[SourceDate "2021.10.06"]
[SourceVersion "1"]
[SourceVersionDate "2021.10.06"]
[SourceQuality "1"]

1. e4 Nf6 2. d3 d5 3. e5 Ng4 4. d4 c5 5. Be2 Nh6 6. Bxh6 gxh6 7. c3 Nc6 8. Nf3 Rg8 9. Kf1 Bf5 10. a3 e6 11. b4 cxd4 12. cxd4 Bg4 13. Nbd2 Bxf3 14. Nxf3 Qb6 15. Qd3 Rg4 16. Rd1 a6 17. g3 O-O-O 18. Kg2 Bg7 19. Qxh7 Rg6 20. Bd3 Rh8 21. Bxg6 Rxh7 22. Bxh7 a5 23. bxa5 Qxa5 24. Rd3 Bf8 25. Rb1 Qa4 26. Bg8 Qc2 27. Rbb3 1-0

[Event "Labour Day op"]
[Site "Langley CAN"]
[Date "2011.09.03"]
[Round "1.2"]
[White "Villavieja, Butch"]
[Black "Mousavi, Payam"]
[Result "1-0"]
[WhiteElo "2323"]
[BlackElo "1715"]
[PlyCount "145"]
[GameId "2160767909648886"]
[EventDate "2011.09.03"]
[EventType "swiss"]
[EventRounds "6"]
[EventCountry "CAN"]
[SourceTitle "EXT 2022"]
[Source "ChessBase"]
[SourceDate "2021.10.06"]
[SourceVersion "1"]
[SourceVersionDate "2021.10.06"]
[SourceQuality "1"]

1. e4 c5 2. Nf3 d6 3. d4 cxd4 4. Nxd4 Nf6 5. Nc3 a6 6. f3 e6 7. Be3 Be7 8. Qd2 Nbd7 9. g4 Ne5 10. g5 Nfd7 11. f4 Nc6 12. Nb3 b5 13. O-O-O Bb7 14. Qf2 Qc7 15. Rg1 Na5 16. Bd3 Nxb3+ 17. axb3 Nc5 18. Qe2 b4 19. Bxc5 Qxc5 20. Na4 Qc7 21. f5 e5 22. Qf2 f6 23. gxf6 Bxf6 24. Rg4 O-O 25. Bc4+ Kh8 26. Bd5 Bxd5 27. Rxd5 Rab8 28. Qe2 Rfc8 29. Rg2 Qc6 30. Qd3 Be7 31. Qg3 Bf6 32. Qd3 Be7 33. Kb1 Rc7 34. Qd1 Rb5 35. Rgd2 Rxd5 36. Rxd5 Rc8 37. Qd3 Rb8 38. Qc4 Qb7 39. Ra5 Ra8 40. Rd5 Rc8 41. Qd3 Rb8 42. Qd2 Qc8 43. Qg2 Rb5 44. Rd1 Rb8 45. Rg1 Bf6 46. h4 Qe8 47. Qe2 Qc6 48. h5 h6 49. Qc4 Qb7 50. Rd1 Rd8 51. Qd5 Qb5 52. Qxb5 axb5 53. Nb6 Be7 54. Nd5 Bf8 55. Nxb4 Rc8 56. Rd5 Rb8 57. Rd2 Kg8 58. Nd5 Kf7 59. Rg2 Rc8 60. c3 Rb8 61. b4 Rb7 62. Rg6 Rb8 63. Kc2 Ra8 64. Kb1 Rc8 65. b3 Ra8 66. Kb2 Rc8 67. Rg1 Rb8 68. c4 Rb7 69. Kc3 Ke8 70. Ra1 Kd7 71. Ra6 Kc8 72. Ra8+ Rb8 73. Nb6+ 1-0

[Event "Labour Day op"]
[Site "Langley CAN"]
[Date "2011.09.03"]
[Round "1.3"]
[White "Long, Hugh"]
[Black "Pechisker, Alfred"]
[Result "0-1"]
[WhiteElo "1712"]
[BlackElo "2265"]
[PlyCount "82"]
[GameId "2160767909648887"]
[EventDate "2011.09.03"]
[EventType "swiss"]
[EventRounds "6"]
[EventCountry "CAN"]
[SourceTitle "EXT 2022"]
[Source "ChessBase"]
[SourceDate "2021.10.06"]
[SourceVersion "1"]
[SourceVersionDate "2021.10.06"]
[SourceQuality "1"]

1. d4 Nf6 2. c4 g6 3. Nc3 Bg7 4. e4 d6 5. f3 O-O 6. Be3 e5 7. d5 Nh5 8. Qd2 f5 9. O-O-O f4 10. Bf2 Nd7 11. Bd3 Rf7 12. Nge2 g5 13. Kb1 Nhf6 14. g3 Nf8 15. gxf4 gxf4 16. Rhg1 Bh3 17. c5 Ne8 18. Bc4 Ng6 19. Nc1 Bf6 20. Nd3 Kh8 21. Rxg6 hxg6 22. Nxf4 exf4 23. Qxf4 g5 24. Qg3 Rh7 25. Rg1 Ng7 26. f4 gxf4 27. Qxf4 Be5 28. Qd2 Qe7 29. Ne2 Rf8 30. Nd4 dxc5 31. Nb3 b6 32. Bg3 Bxg3 33. hxg3 Qe5 34. a4 Nh5 35. Qe3 Nf6 36. Nd2 Re8 37. Re1 Bg2 38. Qf2 Bxe4+ 39. Ka2 Qd4 40. Qf4 Nxd5 41. Bxd5 Bxd5+ 0-1

[Event "Labour Day op"]
[Site "Langley CAN"]
[Date "2011.09.03"]
[Round "1.4"]
[White "Sohal, Tanraj"]
[Black "Angelvette, Duane"]
[Result "1-0"]
[WhiteElo "2201"]
[BlackElo "1708"]
[PlyCount "55"]
[GameId "2160767909648888"]
[EventDate "2011.09.03"]
[EventType "swiss"]
[EventRounds "6"]
[EventCountry "CAN"]
[SourceTitle "EXT 2022"]
[Source "ChessBase"]
[SourceDate "2021.10.06"]
[SourceVersion "1"]
[SourceVersionDate "2021.10.06"]
[SourceQuality "1"]

1. d4 Nf6 2. c4 g6 3. Nc3 d5 4. Bg5 Ne4 5. Bh4 Nxc3 6. bxc3 Bg7 7. e3 O-O 8. Nf3 dxc4 9. Bxc4 c5 10. O-O Nc6 11. h3 cxd4 12. cxd4 Bf5 13. Bd3 Bxd3 14. Qxd3 Qd7 15. Rab1 Rfe8 16. Rfd1 Rad8 17. Qb5 Qd5 18. Qxd5 Rxd5 19. Rxb7 Ra5 20. Rc1 Ra6 21. d5 Ne5 22. Nxe5 Bxe5 23. Bxe7 Rxa2 24. f4 Rxe7 25. Rxe7 Bf6 26. Re8+ Kg7 27. Rd1 Bh4 28. d6 1-0

[Event "Labour Day op"]
[Site "Langley CAN"]
[Date "2011.09.03"]
[Round "1.5"]
[White "Anjum, Naveed"]
[Black "McLaren, Brian"]
[Result "0-1"]
[WhiteElo "1702"]
[BlackElo "2178"]
[PlyCount "80"]
[GameId "2160767909648889"]
[EventDate "2011.09.03"]
[EventType "swiss"]
[EventRounds "6"]
[EventCountry "CAN"]
[SourceTitle "EXT 2022"]
[Source "ChessBase"]
[SourceDate "2021.10.06"]
[SourceVersion "1"]
[SourceVersionDate "2021.10.06"]
[SourceQuality "1"]

1. d4 d5 2. c4 e6 3. Nc3 c6 4. Nf3 dxc4 5. e4 b5 6. a4 Bb4 7. Be2 Bb7 8. O-O a6 9. Be3 Nf6 10. e5 Nd5 11. Ne4 h6 12. Bd2 Be7 13. Bc3 Nd7 14. Qd2 O-O 15. axb5 cxb5 16. Ba5 Qb8 17. Ne1 f5 18. Nc3 N7b6 19. f4 Bc6 20. g4 g6 21. gxf5 gxf5 22. Bh5 Kh7 23. Rf2 Qb7 24. Nf3 Rg8+ 25. Kf1 Be8 26. Bxe8 Raxe8 27. Bxb6 Nxb6 28. Qe3 b4 29. Ne2 Nd5 30. Qc1 Qb5 31. Ke1 Rc8 32. Ng3 Rg4 33. Ne2 a5 34. h3 Rg7 35. Qc2 b3 36. Qb1 c3 37. bxc3 Nxc3 38. Nxc3 Rxc3 39. Nd2 Re3+ 40. Kd1 Rg1+ 0-1

[Event "Labour Day op"]
[Site "Langley CAN"]
[Date "2011.09.03"]
[Round "2.2"]
[White "Goodman, Kevin"]
[Black "Villavieja, Butch"]
[Result "0-1"]
[WhiteElo "1996"]
[BlackElo "2323"]
[PlyCount "56"]
[GameId "2160767909648891"]
[EventDate "2011.09.03"]
[EventType "swiss"]
[EventRounds "6"]
[EventCountry "CAN"]
[SourceTitle "EXT 2022"]
[Source "ChessBase"]
[SourceDate "2021.10.06"]
[SourceVersion "1"]
[SourceVersionDate "2021.10.06"]
[SourceQuality "1"]

1. d4 Nf6 2. c4 g6 3. Nc3 Bg7 4. e4 d6 5. Nf3 O-O 6. Be2 e5 7. d5 c6 8. dxc6 bxc6 9. O-O h6 10. b3 Na6 11. a3 Nc5 12. Qc2 a5 13. Be3 Ne6 14. Rfd1 Ng4 15. Rd3 Nxe3 16. fxe3 Nc5 17. Rd2 Qb6 18. Rxd6 Nxb3 19. Rad1 Qxe3+ 20. Kh1 Nd4 21. Qd2 Qxd2 22. Rxd2 Be6 23. c5 Nb3 24. Rd1 Nxc5 25. Rxc6 Rfc8 26. Bb5 Rxc6 27. Bxc6 Rc8 28. Nd5 Kf8 0-1

[Event "Labour Day op"]
[Site "Langley CAN"]
[Date "2011.09.03"]
[Round "2.3"]
[White "Pechisker, Alfred"]
[Black "Roback, Joe"]
[Result "1-0"]
[WhiteElo "2265"]
[BlackElo "1916"]
[PlyCount "59"]
[GameId "2160767909648892"]
[EventDate "2011.09.03"]
[EventType "swiss"]
[EventRounds "6"]
[EventCountry "CAN"]
[SourceTitle "EXT 2022"]
[Source "ChessBase"]
[SourceDate "2021.10.06"]
[SourceVersion "1"]
[SourceVersionDate "2021.10.06"]
[SourceQuality "1"]

1. d4 Nf6 2. c4 e6 3. Nf3 b6 4. Nc3 Bb7 5. Bf4 Be7 6. e3 O-O 7. Bd3 d5 8. O-O Nbd7 9. Rc1 c5 10. cxd5 exd5 11. dxc5 Nxc5 12. Bb1 Rc8 13. Nd4 Nfe4 14. Qh5 Nf6 15. Qh3 Nce4 16. Be5 g6 17. Nxe4 Nxe4 18. Bxe4 Rxc1 19. Rxc1 dxe4 20. Rc7 Bc8 21. Qh6 f6 22. Bg3 a6 23. h4 Bd7 24. Qf4 f5 25. Qe5 Rf7 26. Qd5 Bf6 27. Ra7 Kg7 28. Ra8 Bc8 29. Qxd8 Bxd8 30. Rxc8 1-0

[Event "Labour Day op"]
[Site "Langley CAN"]
[Date "2011.09.03"]
[Round "2.4"]
[White "Lai, Peter"]
[Black "Sohal, Tanraj"]
[Result "0-1"]
[WhiteElo "1955"]
[BlackElo "2201"]
[PlyCount "128"]
[GameId "2160767909648893"]
[EventDate "2011.09.03"]
[EventType "swiss"]
[EventRounds "6"]
[EventCountry "CAN"]

1. d4 d5 2. c4 e6 3. Nc3 c6 4. Nf3 dxc4 5. a4 Bb4 6. e3 b5 7. Ne5 Bb7 8. Bd2 Nd7 9. Ne4 Be7 10. axb5 Nxe5 11. Ba5 Qb8 12. dxe5 Qxe5 13. bxc6 Bxc6 14. Nd2 Qxb2 15. Rb1 Qe5 16. Nxc4 Qd5 17. Bc3 Nf6 18. Qxd5 Bxd5 19. Bd4 O-O 20. f3 Rfc8 21. Nd2 a5 22. e4 Bc6 23. Nc4 Bb4+ 24. Kf2 Nd7 25. Be2 Bb5 26. Nd6 Bxd6 27. Rxb5 Bb4 28. Ke3 Rc7 29. Rb1 Rac8 30. f4 Rc2 31. Rb2 Rxb2 32. Bxb2 Kf8 33. Bd3 Nc5 34. e5 Nxd3 35. Kxd3 Rd8+ 36. Bd4 g6 37. Ke4 Rc8 38. Bb6 Rc2 39. Kf3 Ra2 40. Bc5+ Bxc5 41. Rxc5 a4 42. Rc7 h5 43. h3 Ra3+ 44. Kf2 Rb3 45. Ra7 a3 46. Ke2 h4 47. Kf2 Rb2+ 48. Kf3 a2 49. g4 Rh2 50. Ke4 Ke8 51. Kd4 Kd8 52. g5 Kc8 53. Ra4 Rc2 54. Kd3 Rb2 55. Kc3 Rf2 56. Kd3 Kc7 57. Ke3 Rb2 58. Kd4 Kb6 59. Kc4 Rf2 60. Kd3 Kb5 61. Ra7 Kb4 62. Ke3 Rh2 63. Rb7+ Kc3 64. Rc7+ Kb2 0-1

[Event "Labour Day op"]
[Site "Langley CAN"]
[Date "2011.09.03"]
[Round "2.5"]
[White "McLaren, Brian"]
[Black "Xiao, Alice"]
[Result "1-0"]
[WhiteElo "2178"]
[BlackElo "1843"]
[PlyCount "61"]
[GameId "2160767909648894"]
[EventDate "2011.09.03"]
[EventType "swiss"]
[EventRounds "6"]
[EventCountry "CAN"]
[SourceTitle "EXT 2022"]
[Source "ChessBase"]
[SourceDate "2021.10.06"]
[SourceVersion "1"]
[SourceVersionDate "2021.10.06"]
[SourceQuality "1"]

1. e4 d5 2. exd5 Qxd5 3. Nc3 Qd6 4. Bc4 Nf6 5. Nge2 c6 6. d4 Bf5 7. Bf4 Qd8 8. O-O e6 9. a4 Bd6 10. Re1 O-O 11. Bb3 Qc7 12. Bxd6 Qxd6 13. Ng3 Bg6 14. h4 h6 15. Nce4 Nxe4 16. Nxe4 Qe7 17. h5 Bh7 18. Qf3 Nd7 19. Rad1 b5 20. axb5 cxb5 21. d5 exd5 22. Bxd5 Rac8 23. Bb3 Ne5 24. Qg3 Rfd8 25. Rxd8+ Rxd8 26. Nf6+ Qxf6 27. Qxe5 Qxe5 28. Rxe5 a6 29. Re7 Rd1+ 30. Kh2 Rd2 31. Re8# 1-0